[Event "FIDE World Uni Rapid-D 1st"]
[Site "Tornelo INT"]
[Date "2021.03.20"]
[Round "6"]
[White "Suarez Figueras, Adrian Daniel"]
[Black "Pannwitz, Kai"]
[Result "1-0"]
[WhiteElo "2166"]
[BlackElo "1802"]
[PlyCount "103"]
[EventDate "2021.03.20"]
[EventType "swiss (rapid)"]
[EventRounds "12"]
[EventCountry "NET"]
[SourceTitle "EXT 2022"]
[Source "ChessBase"]
[SourceDate "2021.10.06"]
[SourceVersion "1"]
[SourceVersionDate "2021.10.06"]
[SourceQuality "1"]

1. e4 c5 2. Nf3 d6 3. c3 Nf6 4. h3 g6 5. Bd3 Bg7 6. 0-0 0-0 7. Bc2 Nc6 8. Na3 Rb8 9. Nc4 b5 10. Ne3 Ne5 11. Nxe5 dxe5 12. Qf3 Bb7 13. Rd1 Qc8 14. d3 Rd8 15. a4 a6 16. axb5 axb5 17. c4 b4 18. b3 e6 19. Bb2 Nh5 20. Ng4 Qc7 21. Qe3 Ra8 22. g3 f6 23. Rf1 Rxa1 24. Rxa1 Ra8 25. Qc1 f5 26. Ne3 f4 27. Nf1 fxg3 28. fxg3 Qd8 29. Rxa8 Bxa8 30. Qe3 Qf8 31. Bd1 Bh6 32. Qf2 Bg7 33. Bxh5 gxh5 34. Qxf8+ Kxf8 35. Nd2 Ke7 36. Nf3 Kd6 37. Ng5 h6 38. Nf7+ Ke7 39. Nxe5 Ke8 40. Kf2 Bb7 41. Ke3 Bf6 42. h4 Bg7 43. Kf4 Bc8 44. d4 cxd4 45. Bxd4 Ba6 46. Bc5 Bf8 47. Bxf8 Kxf8 48. Nd3 Ke7 49. Nxb4 Bb7 50. Nd3 Kf6 51. b4 Bc6 52. b5 1-0

[Event "FIDE World Uni Blitz-B 1st"]
[Site "Tornelo INT"]
[Date "2021.03.13"]
[Round "9.34"]
[White "Paiva, Henrique MA Alberg"]
[Black "Pannwitz, Kai"]
[Result "1/2-1/2"]
[WhiteElo "2065"]
[BlackElo "1802"]
[PlyCount "175"]
[EventDate "2021.03.13"]
[EventType "swiss (blitz)"]
[EventRounds "10"]
[EventCountry "NET"]
[SourceTitle "EXT 2022"]
[Source "ChessBase"]
[SourceDate "2021.10.06"]
[SourceVersion "1"]
[SourceVersionDate "2021.10.06"]
[SourceQuality "1"]

1. e4 c5 2. Nf3 d6 3. Nc3 Nf6 4. d4 cxd4 5. Nxd4 a6 6. Be2 e5 7. Nb3 Be7 8. Be3 0-0 9. 0-0 Nbd7 10. a4 b6 11. Bf3 Bb7 12. Re1 Rc8 13. Nd2 Nc5 14. Bxc5 Rxc5 15. Nf1 d5 16. exd5 Nxd5 17. Nxd5 Bxd5 18. c3 Bf6 19. Ne3 Be6 20. Qe2 Qc8 21. Rad1 b5 22. axb5 axb5 23. Bd5 g6 24. h3 Re8 25. Bxe6 Qxe6 26. Ng4 Bg7 27. Qe3 Rd5 28. Nh6+ Bxh6 29. Qxh6 Red8 30. Rxd5 Qxd5 31. Qg5 Re8 32. Qf6 e4 33. Qf4 Kg7 34. Kh1 h5 35. Qe3 Re7 36. Ra1 Qd3 37. Re1 Qxe3 38. Rxe3 f5 39. Kg1 Rd7 40. Re2 Rd1+ 41. Kh2 Kf6 42. f3 Ke5 43. fxe4 fxe4 44. Kg3 g5 45. Kf2 h4 46. g3 hxg3+ 47. Kxg3 Kf5 48. Rf2+ Ke5 49. Rc2 Rg1+ 50. Kh2 Rf1 51. c4 bxc4 52. Rxc4 e3 53. Rc2 Ke4 54. Kg2 Rd1 55. Re2 Rd2 56. Kf1 Kd3 57. Re1 e2+ 58. Kf2 Rxb2 59. Rg1 Rd2 60. Rxg5 Rd1 61. Re5 Rh1 62. h4 Rh2+ 63. Kg1 Rxh4 64. Kf2 Rh2+ 65. Kg1 Rh4 66. Kf2 Rh1 67. Rd5+ Kc4 68. Re5 Kd3 69. Re8 Kd2 70. Rd8+ Kc2 71. Re8 Kd2 72. Rxe2+ Kd3 73. Re8 Kd4 74. Kg2 Rd1 75. Kf3 Kc3 76. Rc8+ Kb2 77. Rb8+ Kc2 78. Ke2 Rd5 79. Rc8+ Kb2 80. Ke3 Kb3 81. Ke4 Rd1 82. Rh8 Rd7 83. Rh3+ Kb4 84. Ke5 Kb5 85. Ke6 Rd1 86. Rb3+ Kc4 87. Rb8 Re1+ 88. Kd6 1/2-1/2

[Event "Glorney Cup"]
[Site "Paisley"]
[Date "2018.07.17"]
[Round "4.10"]
[White "Dreyfus, Jacques"]
[Black "Pannwitz, Kai"]
[Result "1-0"]
[WhiteElo "1953"]
[BlackElo "1779"]
[PlyCount "73"]
[EventDate "2018.07.16"]
[EventType "team-tourn"]
[EventRounds "5"]
[EventCountry "SCO"]
[SourceTitle "EXT 2021"]
[Source "ChessBase"]
[SourceDate "2020.10.23"]
[SourceVersion "1"]
[SourceVersionDate "2020.10.23"]
[SourceQuality "1"]
[WhiteTeam "France U18"]
[BlackTeam "Scotland U18"]
[WhiteTeamCountry "FRA"]
[BlackTeamCountry "SCO"]

1. e4 c5 2. Nf3 d6 3. d4 cxd4 4. Nxd4 Nf6 5. Nc3 a6 6. Be3 e5 7. Nb3 Be7 8. f3 Be6 9. Qd2 0-0 10. 0-0-0 a5 11. a4 Na6 12. Qf2 Qc8 13. Kb1 Nb4 14. g4 Rd8 15. Bb6 Rf8 16. h4 d5 17. exd5 Nfxd5 18. Nxd5 Bxd5 19. Bd3 Qc6 20. Bb5 Qe6 21. Nc1 Rfc8 22. c3 Na6 23. Rhe1 Bc6 24. Bxc6 Rxc6 25. Be3 Qc4 26. Qc2 b5 27. Bf2 bxa4 28. Re4 Qb5 29. Qxa4 Qb7 30. Rxe5 Rb8 31. Re2 Re6 32. Rd7 Qxd7 33. Qxd7 Rxe2 34. Nxe2 Ba3 35. Kc1 Bxb2+ 36. Kc2 Ba3 37. Qa7 1-0

[Event "BCF-ch U15"]
[Site "Bournemouth"]
[Date "2016.07.31"]
[Round "1"]
[White "Pannwitz, Kai"]
[Black "Balouka Myers, Gabriel"]
[Result "0-1"]
[WhiteElo "1907"]
[BlackElo "1607"]
[PlyCount "72"]
[EventDate "2016.07.31"]
[EventType "swiss"]
[EventRounds "7"]
[EventCountry "ENG"]
[SourceTitle "CBM 173 Extra"]
[Source "ChessBase"]
[SourceDate "2016.08.29"]
[SourceVersion "1"]
[SourceVersionDate "2016.08.29"]
[SourceQuality "1"]

1. d4 d5 2. c4 e6 3. Nc3 c6 4. e4 Nf6 5. cxd5 cxd5 6. e5 Nfd7 7. Nf3 Be7 8. Bd3 Nc6 9. 0-0 0-0 10. Be3 Re8 11. Rc1 a6 12. Bb1 Na5 13. Qd3 Nf8 14. Nd2 b5 15. b3 Bd7 16. Rfd1 Ba3 17. Nf3 Bxc1 18. Bxc1 b4 19. Ne2 Bb5 20. Qe3 Bxe2 21. Qxe2 Nc6 22. Rd3 Rc8 23. Bd2 a5 24. Ng5 h6 25. Qh5 Qc7 26. Ne4 dxe4 27. Rg3 Nxe5 28. Qxh6 Neg6 29. Qe3 e5 30. h4 exd4 31. Qxd4 Qe5 32. Qe3 Nxh4 33. Rg5 Qf6 34. Bxe4 Nhg6 35. f3 Re5 36. Rg3 Qd6 0-1

[Event "BCF-ch U15"]
[Site "Bournemouth"]
[Date "2016.07.31"]
[Round "2"]
[White "Remus Elliot, Luke"]
[Black "Pannwitz, Kai"]
[Result "1-0"]
[WhiteElo "1739"]
[BlackElo "1907"]
[PlyCount "79"]
[EventDate "2016.07.31"]
[EventType "swiss"]
[EventRounds "7"]
[EventCountry "ENG"]
[SourceTitle "CBM 173 Extra"]
[Source "ChessBase"]
[SourceDate "2016.08.29"]
[SourceVersion "1"]
[SourceVersionDate "2016.08.29"]
[SourceQuality "1"]

1. e4 c5 2. Nf3 d6 3. d4 cxd4 4. Nxd4 Nf6 5. Nc3 a6 6. Be2 e5 7. Nb3 Be7 8. 0-0 0-0 9. Be3 Be6 10. f4 exf4 11. Rxf4 Nc6 12. a4 Rc8 13. Kh1 Ne5 14. Nd4 Bc4 15. Nf5 Bxe2 16. Qxe2 Nc4 17. Ra2 Nd7 18. Nd5 Bg5 19. Rg4 Nxe3 20. Ndxe3 h5 21. Rg3 h4 22. Rh3 Nc5 23. Qg4 Re8 24. Qf3 Rxe4 25. g3 Qd7 26. gxh4 Bxe3 27. Nxe3 Rce8 28. Ra3 d5 29. Rg3 d4 30. Nf1 Re1 31. Qf6 Qd5+ 32. Kg1 g6 33. Raf3 Qe6 34. Qxd4 Ne4 35. Rg2 Qe7 36. Qd5 Rd8 37. Rxg6+ Kf8 38. Rxf7+ Qxf7 39. Qxd8+ Qe8 40. Rg8+ 1-0

[Event "Ayr op"]
[Site "Ayr"]
[Date "2016.05.29"]
[Round "5"]
[White "Malkin, Kenneth"]
[Black "Pannwitz, Kai"]
[Result "0-1"]
[WhiteElo "1927"]
[BlackElo "1826"]
[PlyCount "164"]
[EventDate "2016.05.27"]
[EventType "swiss"]
[EventRounds "5"]
[EventCountry "SCO"]
[SourceTitle "CBM 172 Extra"]
[Source "ChessBase"]
[SourceDate "2016.06.21"]
[SourceVersion "1"]
[SourceVersionDate "2016.06.21"]
[SourceQuality "1"]

1. e4 c5 2. Nc3 a6 3. Nf3 d6 4. d4 cxd4 5. Nxd4 Nf6 6. Bd3 e5 7. Nf3 Be7 8. 0-0 0-0 9. Bg5 Nbd7 10. Qd2 b5 11. a3 Bb7 12. Rfe1 Rc8 13. Rad1 Nb6 14. Nh4 g6 15. Bh6 Re8 16. Nf5 Bf8 17. Bxf8 Rxf8 18. Qg5 Kh8 19. Ne3 Nh5 20. Qxd8 Rfxd8 21. g3 Kg7 22. Be2 Nf6 23. f3 d5 24. exd5 Nbxd5 25. Ncxd5 Nxd5 26. Nxd5 Rxd5 27. c3 Rcd8 28. Rxd5 Rxd5 29. Rd1 Rxd1+ 30. Bxd1 Bd5 31. Kf2 Kf6 32. b4 Ke6 33. Ke3 Bc4 34. a4 Kd5 35. Bc2 f5 36. a5 Ba2 37. Bd3 Bb3 38. h3 Bc4 39. Bc2 Bf1 40. h4 Kc4 41. Kd2 Bg2 42. Bd3+ Kb3 43. Be2 e4 44. fxe4 Bxe4 45. Bd1+ Kb2 46. Be2 Bd5 47. Bd3 Be6 48. Be2 Bd5 49. Bd3 Kb3 50. Bc2+ Ka3 51. Bd3 Kb3 52. Bc2+ Ka3 53. Bd3 Kb2 54. Bc2 Bc4 55. Bd1 Bd5 56. Bc2 Be4 57. Bd1 h6 58. Be2 Bd5 59. Bd3 Be6 60. Be2 g5 61. hxg5 hxg5 62. Bf3 Bc8 63. Bd5 g4 64. Bc6 f4 65. gxf4 g3 66. Bg2 Bf5 67. Bd5 Bh3 68. Kd3 g2 69. Bxg2 Bxg2 70. Kd4 Bf1 71. f5 Bc4 72. f6 Kb3 73. Kc5 Kxc3 74. Kb6 Kxb4 75. Kxa6 Kc5 76. Kb7 b4 77. a6 b3 78. Kc7 b2 79. a7 b1Q 80. a8Q Qb6+ 81. Kd7 Qe6+ 82. Kc7 Qd6+ 0-1

[Event "Livingston op 1st"]
[Site "Livingston"]
[Date "2016.01.31"]
[Round "5.10"]
[White "Robinson, Stephen"]
[Black "Pannwitz, Kai"]
[Result "0-1"]
[WhiteElo "1838"]
[BlackElo "1786"]
[PlyCount "78"]
[EventDate "2016.01.29"]
[EventType "swiss"]
[EventRounds "5"]
[EventCountry "ENG"]
[SourceTitle "EXT 2023"]
[Source "ChessBase"]
[SourceDate "2022.10.05"]
[SourceVersion "1"]
[SourceVersionDate "2022.10.05"]
[SourceQuality "1"]

1. Nc3 d5 2. d4 Nf6 3. Bg5 Nbd7 4. Nf3 h6 5. Bf4 c6 6. Qd3 g6 7. h3 Bg7 8. g4 Qb6 9. 0-0-0 a5 10. Bg2 a4 11. Rhe1 a3 12. b3 Ra5 13. Ne5 Nf8 14. f3 Ne6 15. Bg3 0-0 16. f4 Rd8 17. e3 Qa6 18. Qd2 Qa7 19. Bf3 Bd7 20. h4 c5 21. Nxd5 Nxd5 22. Bxd5 cxd4 23. Bxe6 Bxe6 24. Qb4 Rc8 25. Rxd4 Rac5 26. c4 b5 27. Red1 bxc4 28. Rd8+ Rxd8 29. Rxd8+ Kh7 30. Nxc4 Rxc4+ 31. bxc4 Qxe3+ 32. Qd2 Qxg3 33. Rd3 Bb2+ 34. Kc2 Qxg4 35. Kb3 Qf5 36. Kb4 Qe4 37. Qc2 Bf5 38. Qb3 Qxd3 39. c5 Qxb3+ 0-1

[Event "Dundee & Angus op"]
[Site "Dundee"]
[Date "2015.10.10"]
[Round "3"]
[White "Pannwitz, Kai"]
[Black "Mitchell, Jeremy J"]
[Result "1-0"]
[WhiteElo "1883"]
[BlackElo "1794"]
[PlyCount "35"]
[EventDate "2015.10.09"]
[EventType "swiss"]
[EventRounds "5"]
[EventCountry "SCO"]
[SourceTitle "EXT 2023"]
[Source "ChessBase"]
[SourceDate "2022.10.05"]
[SourceVersion "1"]
[SourceVersionDate "2022.10.05"]
[SourceQuality "1"]

1. d4 d5 2. c4 c6 3. Nf3 Nf6 4. Qc2 g6 5. Bf4 Bf5 6. Qb3 Qb6 7. e3 Qxb3 8. axb3 Na6 9. Be2 Nb4 10. 0-0 Bd3 11. Re1 Bg7 12. Nc3 0-0 13. Ne5 Bxe2 14. Rxe2 Rfd8 15. h3 Nd7 16. Nxd7 Rxd7 17. Na4 b6 18. Nxb6 1-0

[Event "Robinson Cup U14"]
[Site "Enfield"]
[Date "2015.07.26"]
[Round "5.1"]
[White "Pannwitz, Kai"]
[Black "Grieve, Harry"]
[Result "1-0"]
[WhiteElo "1797"]
[BlackElo "1889"]
[PlyCount "102"]
[EventDate "2015.07.20"]
[EventType "team-tourn"]
[EventRounds "6"]
[EventCountry "IRL"]
[SourceTitle "EXT 2023"]
[Source "ChessBase"]
[SourceDate "2022.10.05"]
[SourceVersion "1"]
[SourceVersionDate "2022.10.05"]
[SourceQuality "1"]
[WhiteTeam "Scotland U14"]
[BlackTeam "England U14"]
[WhiteTeamCountry "SCO"]
[BlackTeamCountry "ENG"]

1. d4 Nf6 2. c4 e6 3. Nc3 Bb4 4. Qc2 0-0 5. a3 Bxc3+ 6. Qxc3 b6 7. Bg5 Bb7 8. f3 d6 9. e3 Nbd7 10. Bd3 h6 11. Bh4 Rc8 12. Ne2 c5 13. b3 cxd4 14. Nxd4 Ne5 15. Be2 a6 16. Qb2 Ng6 17. Bg3 d5 18. 0-0 Qe7 19. Rfd1 Rfd8 20. Be1 e5 21. Nf5 Qe6 22. Ng3 a5 23. Bc3 dxc4 24. Bxc4 Bd5 25. Rxd5 Nxd5 26. e4 Qc6 27. exd5 Qc5+ 28. Kh1 b5 29. Ne4 Qb6 30. Bf1 Rxd5 31. a4 b4 32. Be1 Rcd8 33. Qc2 Nf4 34. Bc4 R5d7 35. Bf2 Qg6 36. Be3 Rd1+ 37. Rxd1 Rxd1+ 38. Bg1 Rc1 39. Qd2 Rd1 40. Qf2 Kh7 41. h3 f5 42. Nc5 Nh5 43. Kh2 f4 44. Ne4 Ng3 45. Qc2 Re1 46. Bd3 Rxe4 47. fxe4 Qh5 48. Qf2 g5 49. Qf3 Qf7 50. Bc4 Qd7 51. Bf2 Qd2 1-0

[Event "Robinson Cup U14"]
[Site "Enfield"]
[Date "2015.07.20"]
[Round "1.1"]
[White "Grieve, Harry"]
[Black "Pannwitz, Kai"]
[Result "1/2-1/2"]
[WhiteElo "1889"]
[BlackElo "1797"]
[PlyCount "76"]
[EventDate "2015.07.20"]
[EventType "team-tourn"]
[EventRounds "6"]
[EventCountry "IRL"]
[SourceTitle "EXT 2023"]
[Source "ChessBase"]
[SourceDate "2022.10.05"]
[SourceVersion "1"]
[SourceVersionDate "2022.10.05"]
[SourceQuality "1"]
[WhiteTeam "England U14"]
[BlackTeam "Scotland U14"]
[WhiteTeamCountry "ENG"]
[BlackTeamCountry "SCO"]

1. e4 c5 2. d4 cxd4 3. c3 g6 4. Nf3 Bg7 5. cxd4 d5 6. exd5 Nf6 7. Nc3 Nxd5 8. Bc4 Nb6 9. Be3 0-0 10. Bb3 Nc6 11. h3 Na5 12. Bc2 Nac4 13. b3 Nxe3 14. fxe3 Qc7 15. Qd2 Bd7 16. Rc1 Rac8 17. Ne2 Qd6 18. 0-0 Nd5 19. e4 Nb4 20. e5 Qb6 21. Be4 Bc6 22. Nc3 Rfd8 23. Kh1 Bxe4 24. Nxe4 Rxc1 25. Rxc1 Nc6 26. Rc5 a5 27. Qc3 Qa6 28. Ng3 e6 29. Rc4 Ne7 30. Ne4 Nd5 31. Qc1 b5 32. Rc6 Qa8 33. Nd6 Bh6 34. Qc5 b4 35. Qb5 Nc3 36. Qb6 Nd5 37. Qb5 Nc3 38. Qb6 Nd5 1/2-1/2

[Event "SCO-ch 122nd"]
[Site "Edinburgh"]
[Date "2015.07.15"]
[Round "5"]
[White "O'Neil, Jim"]
[Black "Pannwitz, Kai"]
[Result "1-0"]
[WhiteElo "1967"]
[BlackElo "1797"]
[PlyCount "91"]
[EventDate "2015.07.11"]
[EventType "swiss"]
[EventRounds "9"]
[EventCountry "SCO"]
[SourceTitle "CBM 167 Extra"]
[Source "ChessBase"]
[SourceDate "2015.09.14"]
[SourceVersion "1"]
[SourceVersionDate "2015.09.14"]
[SourceQuality "1"]

1. Nf3 Nf6 2. g3 d5 3. d3 g6 4. Bg2 Bg7 5. 0-0 0-0 6. Nbd2 d4 7. e4 dxe3 8. fxe3 c6 9. e4 Qb6+ 10. Kh1 Be6 11. Nb3 Nbd7 12. Qe1 a5 13. Be3 Qc7 14. Nc5 Nxc5 15. Bxc5 Rad8 16. Ng5 Qe5 17. Nxe6 Qxe6 18. Bb6 Rd7 19. Bxa5 h5 20. Bc3 Ng4 21. Bxg7 Kxg7 22. h3 Nf6 23. a3 Qe5 24. Rb1 c5 25. Qe3 c4 26. dxc4 Rc8 27. b3 b5 28. Rbd1 Rdc7 29. Qf4 Qe6 30. e5 Nh7 31. Bd5 Qxh3+ 32. Kg1 e6 33. Be4 bxc4 34. bxc4 Ra7 35. a4 Qg4 36. a5 Rcc7 37. Qxg4 hxg4 38. c3 Ng5 39. Bg2 Rd7 40. Rd6 Kf8 41. Rfd1 Ke7 42. Rxd7+ Rxd7 43. Rxd7+ Kxd7 44. c5 Nf3+ 45. Bxf3 gxf3 46. Kf2 1-0

[Event "SCO-ch 122nd"]
[Site "Edinburgh"]
[Date "2015.07.14"]
[Round "4"]
[White "Pannwitz, Kai"]
[Black "Thorarinsson, Pall A"]
[Result "0-1"]
[WhiteElo "1797"]
[BlackElo "2208"]
[PlyCount "58"]
[EventDate "2015.07.11"]
[EventType "swiss"]
[EventRounds "9"]
[EventCountry "SCO"]
[SourceTitle "CBM 167 Extra"]
[Source "ChessBase"]
[SourceDate "2015.09.14"]
[SourceVersion "1"]
[SourceVersionDate "2015.09.14"]
[SourceQuality "1"]

1. d4 d6 2. e4 Nf6 3. Nc3 e5 4. Nf3 Nbd7 5. Bc4 Be7 6. 0-0 0-0 7. a4 c6 8. h3 b6 9. Re1 a6 10. d5 c5 11. Qe2 Ne8 12. Rb1 Nc7 13. b4 cxb4 14. Rxb4 a5 15. Rb1 Ba6 16. Be3 Bxc4 17. Qxc4 Na6 18. Nd1 Qc8 19. Nb2 Nb4 20. Re2 Ra7 21. Qb5 Rc7 22. Nd3 Nxc2 23. Bxb6 Na3 24. Qb3 Rc3 25. Qd1 Nxb1 26. Bxa5 Qa6 27. Nb4 Qxa5 28. Nc6 Rxc6 29. dxc6 Nc3 0-1

[Event "Dundee & Angus op"]
[Site "Dundee"]
[Date "2014.10.11"]
[Round "4"]
[White "Pannwitz, Kai"]
[Black "Robinson, Stephen"]
[Result "1-0"]
[WhiteElo "1738"]
[BlackElo "1843"]
[PlyCount "63"]
[EventDate "2014.10.10"]
[EventType "swiss"]
[EventRounds "5"]
[EventCountry "SCO"]
[SourceTitle "EXT 2017"]
[Source "ChessBase"]
[SourceDate "2016.10.25"]
[SourceVersion "1"]
[SourceVersionDate "2016.10.25"]
[SourceQuality "1"]

1. d4 e6 2. c4 f5 3. Nf3 Nf6 4. Nc3 c6 5. g3 d5 6. Bg2 Bd6 7. 0-0 0-0 8. Bf4 Bxf4 9. gxf4 Ne4 10. Qc2 Nd7 11. e3 Rf6 12. Ne2 Rh6 13. b4 Nf8 14. b5 Ng6 15. Ng3 Nh4 16. Ne5 Nxg2 17. Kxg2 Qh4 18. Rh1 Qh3+ 19. Kg1 g5 20. cxd5 exd5 21. bxc6 bxc6 22. Nxc6 Be6 23. Rb1 gxf4 24. exf4 Qh4 25. Qd1 Kh8 26. Rb8+ Rxb8 27. Nxb8 Qd8 28. Nc6 Qc7 29. Kg2 Rh4 30. Kf3 Qb6 31. Ke3 Qc7 32. Ne5 1-0

[Event "Dundee & Angus op"]
[Site "Dundee"]
[Date "2014.10.11"]
[Round "5"]
[White "Romilly, Peter J"]
[Black "Pannwitz, Kai"]
[Result "1-0"]
[WhiteElo "2096"]
[BlackElo "1738"]
[PlyCount "78"]
[EventDate "2014.10.10"]
[EventType "swiss"]
[EventRounds "5"]
[EventCountry "SCO"]
[SourceTitle "EXT 2017"]
[Source "ChessBase"]
[SourceDate "2016.10.25"]
[SourceVersion "1"]
[SourceVersionDate "2016.10.25"]
[SourceQuality "1"]

1. e4 c5 2. Nf3 d6 3. d4 cxd4 4. Nxd4 Nf6 5. Nc3 a6 6. Bg5 e6 7. f4 Be7 8. Qf3 h6 9. Bh4 Qc7 10. 0-0-0 Nbd7 11. g4 b5 12. Bd3 Bb7 13. g5 hxg5 14. Bxg5 b4 15. Nce2 Nc5 16. Ng3 Rc8 17. h4 Qb6 18. Kb1 Na4 19. Nb3 a5 20. Qe2 Nc5 21. Bb5+ Kf8 22. Nxc5 Rxc5 23. Ba4 Ne8 24. f5 Bxg5 25. hxg5 Rxh1 26. Rxh1 Ke7 27. Bxe8 Kxe8 28. fxe6 fxe6 29. Qh5+ Kd7 30. Qf7+ Kc6 31. Qxg7 Re5 32. Nh5 Rxe4 33. Nf6 Re2 34. Qd7+ Kc5 35. Rd1 Be4 36. Nxe4+ Rxe4 37. g6 Qb8 38. g7 d5 39. Qe7+ Kc6 1-0

[Event "EU Union-ch U14"]
[Site "Kouty nad Desnou"]
[Date "2014.09.03"]
[Round "8"]
[White "Orlov, Roman"]
[Black "Pannwitz, Kai"]
[Result "0-1"]
[WhiteElo "1837"]
[BlackElo "1531"]
[PlyCount "72"]
[EventDate "2014.08.27"]
[EventType "swiss"]
[EventRounds "9"]
[EventCountry "CZE"]
[SourceTitle "CBM 162 Extra"]
[Source "ChessBase"]
[SourceDate "2014.10.17"]
[SourceVersion "1"]
[SourceVersionDate "2014.10.17"]
[SourceQuality "1"]

1. e4 c5 2. Nf3 d6 3. d4 cxd4 4. Nxd4 Nf6 5. Nc3 a6 6. Be3 e5 7. Nb3 Be7 8. Be2 Be6 9. 0-0 0-0 10. Nd5 Nxd5 11. exd5 Bf5 12. c4 Nd7 13. f4 exf4 14. Bxf4 Bg6 15. Bd3 Qb6+ 16. Kh1 Bf6 17. Bxg6 hxg6 18. Qd2 Rfe8 19. Rae1 Rac8 20. Na5 Qc7 21. b4 Ne5 22. Bxe5 Rxe5 23. Rxe5 Bxe5 24. Rc1 Qe7 25. Qf2 Qg5 26. Rf1 Qe7 27. Re1 Qg5 28. Rf1 Qe7 29. Qe3 Qh4 30. g3 Qh3 31. Rc1 Qg4 32. a3 Bd4 33. Qd3 Re8 34. Rd1 Re2 35. Rd2 Re1+ 36. Kg2 Rg1# 0-1

[Event "EU Union-ch U14"]
[Site "Kouty nad Desnou"]
[Date "2014.08.30"]
[Round "4"]
[White "Pannwitz, Kai"]
[Black "Simet, Martin"]
[Result "1-0"]
[WhiteElo "1531"]
[BlackElo "1796"]
[PlyCount "74"]
[EventDate "2014.08.27"]
[EventType "swiss"]
[EventRounds "9"]
[EventCountry "CZE"]
[SourceTitle "CBM 162 Extra"]
[Source "ChessBase"]
[SourceDate "2014.10.17"]
[SourceVersion "1"]
[SourceVersionDate "2014.10.17"]
[SourceQuality "1"]

1. d4 d5 2. c4 e6 3. Nc3 Nf6 4. cxd5 exd5 5. Bg5 Nbd7 6. Qc2 c6 7. e3 Be7 8. Nf3 0-0 9. Bd3 Re8 10. h3 Ne4 11. Bf4 f5 12. 0-0 Ndf6 13. Ne5 Nh5 14. Bh2 Bd6 15. Rab1 Qg5 16. Ne2 Rf8 17. Kh1 Qe7 18. Nc3 Rf6 19. a3 Rh6 20. b4 g5 21. b5 Bxe5 22. Bxe5 g4 23. bxc6 gxh3 24. g3 bxc6 25. Qb3 Nd2 26. Nxd5 Qe6 27. Ne7+ Kf7 28. Qb4 c5 29. Qxd2 Qxe7 30. Bc4+ Kg6 31. dxc5 Qxe5 32. Qd5 Qxd5+ 33. Bxd5 Ba6 34. Bxa8 Bxf1 35. Rxf1 Nf6 36. Rd1 Ne8 37. c6 h2 1-0

[Event "EU Union-ch U14"]
[Site "Kouty nad Desnou"]
[Date "2014.08.28"]
[Round "2"]
[White "Pannwitz, Kai"]
[Black "Bango, Dominik"]
[Result "1-0"]
[WhiteElo "1531"]
[BlackElo "1513"]
[PlyCount "79"]
[EventDate "2014.08.27"]
[EventType "swiss"]
[EventRounds "9"]
[EventCountry "CZE"]
[SourceTitle "CBM 162 Extra"]
[Source "ChessBase"]
[SourceDate "2014.10.17"]
[SourceVersion "1"]
[SourceVersionDate "2014.10.17"]
[SourceQuality "1"]

1. d4 f5 2. Bg5 Nf6 3. e3 e6 4. Nc3 d5 5. Bd3 Be7 6. h4 0-0 7. f3 h6 8. Bxf6 Bxf6 9. g3 f4 10. gxf4 Bxh4+ 11. Kd2 Nc6 12. Nge2 Be7 13. Qg1 Rf6 14. Ng3 Bf8 15. Nh5 Bd7 16. Nxf6+ Qxf6 17. Qh2 Bd6 18. Rag1 Nxd4 19. Qg2 Nf5 20. Qg6 Qxg6 21. Rxg6 d4 22. exd4 Bxf4+ 23. Kd1 Nxd4 24. Rhg1 Bg5 25. f4 Be8 26. fxg5 Nf3 27. gxh6 Nxg1 28. Rxg7+ Kf8 29. Rxg1 Bh5+ 30. Kd2 Ke7 31. h7 Bf7 32. Ke3 a6 33. Kd4 Rd8+ 34. Ke5 b5 35. Rh1 Rh8 36. Ne4 Bg6 37. Nf6 Bxd3 38. cxd3 c5 39. Rg1 c4 40. Rg7+ 1-0

[Event "EU Union-ch U14"]
[Site "Kouty nad Desnou"]
[Date "2014.08.27"]
[Round "1"]
[White "Radeva, Viktoria"]
[Black "Pannwitz, Kai"]
[Result "1-0"]
[WhiteElo "1983"]
[BlackElo "1531"]
[PlyCount "73"]
[EventDate "2014.08.27"]
[EventType "swiss"]
[EventRounds "9"]
[EventCountry "CZE"]
[SourceTitle "CBM 162 Extra"]
[Source "ChessBase"]
[SourceDate "2014.10.17"]
[SourceVersion "1"]
[SourceVersionDate "2014.10.17"]
[SourceQuality "1"]

1. e4 c5 2. Nf3 d6 3. d4 cxd4 4. Nxd4 Nf6 5. Nc3 a6 6. f3 e5 7. Nb3 Be7 8. Be3 0-0 9. Qd2 Be6 10. Nd5 Nbd7 11. Na5 Nxd5 12. exd5 Bf5 13. c4 Qc7 14. Be2 Rfe8 15. 0-0 Nf6 16. b4 e4 17. f4 Ng4 18. Bxg4 Bxg4 19. Rac1 Rad8 20. c5 Qd7 21. c6 bxc6 22. Nxc6 Rc8 23. h3 Bf5 24. g4 Bxg4 25. hxg4 Qxg4+ 26. Qg2 Qd7 27. f5 Bf6 28. Rc4 Qb7 29. a4 Kh8 30. Rxe4 Be5 31. Nxe5 dxe5 32. d6 Rc3 33. Bc5 Qd5 34. Re3 Qc4 35. Rxc3 Qxc3 36. d7 Rd8 37. Bb6 1-0

[Event "Ayr Shire & Arran Congress"]
[Site "Ayr"]
[Date "2014.05.24"]
[Round "3"]
[White "Marks, Ian Alexander"]
[Black "Pannwitz, Kai"]
[Result "1-0"]
[WhiteElo "2040"]
[BlackElo "1656"]
[PlyCount "89"]
[EventDate "2014.05.??"]
[EventType "swiss"]
[EventRounds "5"]
[EventCountry "SCO"]
[SourceTitle "EXT 2023"]
[Source "ChessBase"]
[SourceDate "2022.10.05"]
[SourceVersion "1"]
[SourceVersionDate "2022.10.05"]
[SourceQuality "1"]

1. d4 Nf6 2. Nc3 c5 3. d5 d6 4. e4 e6 5. Bb5+ Bd7 6. a4 a6 7. Be2 g6 8. Nf3 exd5 9. exd5 Bg7 10. Nd2 0-0 11. 0-0 Bc8 12. Nc4 Ne8 13. Bf4 Qf6 14. Qd2 Bf5 15. Bg5 Qd4 16. Qc1 h6 17. Be7 Bf6 18. Bxf8 Kxf8 19. Qxh6+ Bg7 20. Qc1 Nd7 21. Ne3 Bh6 22. Nxf5 Bxc1 23. Nxd4 Bxb2 24. Rab1 Bxc3 25. Rxb7 Ne5 26. Nc6 Nf6 27. Nxe5 Bxe5 28. Rfb1 Nxd5 29. Bc4 Ne7 30. Rb8+ Rxb8 31. Rxb8+ Kg7 32. Bxa6 Nc6 33. Rc8 Nb4 34. Bd3 Bd4 35. a5 d5 36. a6 c4 37. Bxc4 dxc4 38. Rxc4 Bxf2+ 39. Kxf2 Nxa6 40. Ke3 Nb8 41. Kd4 Nd7 42. Rc6 Kf8 43. Kd5 Ke7 44. c4 Nf6+ 45. Rxf6 1-0

[Event "EU-ch U12 23rd"]
[Site "Budva"]
[Date "2013.10.08"]
[Round "9"]
[White "Pannwitz, Kai"]
[Black "Morgunov, Daniel"]
[Result "0-1"]
[WhiteElo "1522"]
[BlackElo "1713"]
[PlyCount "134"]
[EventDate "2013.09.29"]
[EventType "swiss"]
[EventRounds "9"]
[EventCountry "MNE"]
[SourceTitle "EXT 2014"]
[Source "ChessBase"]
[SourceDate "2013.11.20"]
[SourceVersion "1"]
[SourceVersionDate "2013.11.20"]
[SourceQuality "1"]

1. d4 d5 2. c4 e6 3. Nf3 Nf6 4. g3 Bb4+ 5. Bd2 Be7 6. Bg2 0-0 7. 0-0 Nbd7 8. Qc2 c6 9. Bf4 b6 10. Rd1 Ba6 11. b3 Rc8 12. Nbd2 c5 13. e4 dxe4 14. Nxe4 cxd4 15. Rxd4 Nxe4 16. Qxe4 Bc5 17. Rd3 Qe7 18. Rad1 Nf6 19. Qe2 Bb7 20. Ne5 Bxg2 21. Kxg2 Qb7+ 22. f3 Be7 23. Rd7 Nxd7 24. Rxd7 Rc7 25. Rxc7 Qxc7 26. Ng6 Bd6 27. Bxd6 Qxd6 28. Nxf8 Kxf8 29. f4 Qd4 30. Kf3 Ke7 31. Qe4 Qd1+ 32. Ke3 Qg1+ 33. Kf3 Qh1+ 34. Ke3 Qxe4+ 35. Kxe4 Kd6 36. b4 f6 37. g4 Kc6 38. h4 h6 39. Kd4 Kd6 40. h5 Kc6 41. Ke4 Kd6 42. a4 Kc6 43. Kd4 a6 44. Ke4 a5 45. bxa5 bxa5 46. Kd4 Kd6 47. c5+ Kc6 48. Kc4 e5 49. f5 e4 50. Kd4 e3 51. Kxe3 Kxc5 52. Kd3 Kb4 53. Kd4 Kxa4 54. Kc4 Ka3 55. Kc3 a4 56. Kc2 Kb4 57. Kb2 Kc4 58. Ka3 Kd4 59. Kxa4 Ke4 60. Kb4 Kf4 61. Kc4 Kxg4 62. Kd4 Kxf5 63. Ke3 Kg4 64. Kf2 Kxh5 65. Kf3 Kg5 66. Kg3 f5 67. Kf3 f4 0-1